[Event "1st Chateau Montaiguillon Rapid 2019"]
[Site "Montagne"]
[Date "2019.09.08"]
[Round "6.5"]
[White "Salles, Louis"]
[Black "Favarel, Julien"]
[Result "1-0"]
[WhiteElo "2206"]
[BlackElo "2331"]
[Annotator "TA"]
[PlyCount "94"]
[EventDate "2019.09.08"]
[EventType "swiss"]
[EventCountry "FRA"]
[SourceTitle "playchess.com"]
[Source "ChessBase"]
[SourceQuality "1"]

{[%evp 18,94,3,3,11,0,1,0,9,8,14,7,14,14,14,14,14,15,14,19,12,18,19,12,39,34,25,27,37,25,32,0,0,0,0,0,0,0,0,0,0,0,0,0,9,9,12,8,13,0,6,0,22,13,23,35,37,37,30,29,79,80,80,74,223,213,192,164,193,0,4627,992,4627,1725,4627,1115,4627,4627,4602]} 1. e4 e5 2. Nf3 Nc6 3. d4 exd4 4. Nxd4 Nf6 5. Nxc6 bxc6 6. e5 Qe7 7. Qe2 Nd5 8. c4 Nb6 9. Nc3 Qe6 10. Qe4 d5 {C45: Scotch Game} (10... Bb4 11. Bd2 Ba6 12. b3 Bxc3 13. Bxc3 d5 14. Qh4 dxc4 15. Be2 Nd5 16. Bxc4 g5 17. Qd4 Bxc4 18. Qxc4 O-O-O {½-½ (28) Xu,X (2585)-Naiditsch,A (2681) Changsha 2019}) 11. exd6 $1 Qxe4+ 12. Nxe4 cxd6 {The position is equal.} 13. Be2 Bf5 14. Nc3 Be6 15. b3 d5 16. cxd5 Bb4 17. Bd2 Nxd5 18. Nxd5 Bxd2+ 19. Kxd2 Bxd5 20. Rhe1 $146 ({Predecessor:} 20. f3 O-O-O {½-½ (20) Kalod,R (2500)-Spacek,P (2398) Czechia 2011}) 20... O-O 21. Bf1 a5 22. Kc3 g6 23. f3 Rfd8 24. a3 Rab8 25. Rab1 Rd7 26. Rb2 Kf8 27. Rd1 Re7 28. Bc4 Bxc4 29. Kxc4 $11 {[%mdl 4096] Endgame KRR-KRR} Re3 30. Rd3 Rxd3 (30... Re1 {with more complications.} 31. Rdd2 Kg7 32. b4 axb4 33. axb4 Rb5) 31. Kxd3 {KR-KR} Ke7 32. Kc4 Rb5 33. Re2+ Kd7 34. Rd2+ Ke7 35. Rd3 h5 36. a4 Rf5 37. g3 h4 38. b4 hxg3 39. hxg3 {[#] aiming for b5.} axb4 40. Kxb4 Re5 (40... g5 $16 {was necessary.}) 41. a5 $18 Rb5+ 42. Ka4 Rb8 43. a6 $2 (43. Rb3 $18 Ra8 44. Rb6) 43... c5 $2 {[%mdl 8192]} (43... Rb6 $11) 44. Ka5 {White is clearly winning.} c4 45. Rc3 (45. a7 $142 Ra8 46. Re3+ Kd6 47. Kb6) 45... Rc8 46. Kb6 (46. a7 $142 Kd6 {[#]} 47. Rxc4 $1 {[%mdl 576] Deflection, Promotion} Rxc4 48. a8=Q) 46... Kd6 47. a7 Kd5 {Accuracy: White = 63%, Black = 45%.} 1-0

[Event "1st Chateau Montaiguillon Rapid 2019"]
[Site "Montagne"]
[Date "2019.09.08"]
[Round "7.1"]
[White "Moussard, Jules"]
[Black "Estadieu, Romeo"]
[Result "1-0"]
[WhiteElo "2608"]
[BlackElo "2099"]
[Annotator "TA"]
[PlyCount "77"]
[EventDate "2019.09.08"]
[EventType "swiss"]
[EventCountry "FRA"]
[SourceTitle "playchess.com"]
[Source "ChessBase"]
[SourceQuality "1"]

{[%evp 12,77,10,0,22,0,55,24,33,39,52,42,59,47,76,54,32,20,66,71,100,64,238,38,88,73,77,75,72,66,59,53,100,66,180,190,214,213,187,73,79,36,63,81,245,251,263,232,262,248,205,191,447,175,621,321,326,328,316,307,315,129,136,139,341,139,990,983]} 1. e4 e6 2. d4 d5 3. Nc3 Nf6 4. e5 Nfd7 5. Nce2 c5 6. c3 Nc6 7. Nf3 h6 {C11: French: Classical System: 4 e5 and 4 Bg5 dxe4} (7... Be7 8. a3 Rb8 9. Nf4 b5 10. Be2 a5 11. h4 Qb6 12. Be3 b4 13. axb4 axb4 14. O-O bxc3 15. bxc3 Qb3 16. Qxb3 Rxb3 17. c4 dxc4 18. Bxc4 Rb8 19. dxc5 {½-½ (19) Ponomariov,R (2667)-Lupulescu,C (2611) Skopje 2019}) 8. g3 c4 $146 ({Black should play} 8... Be7 $11) ({Predecessor:} 8... b5 9. Bg2 a5 10. O-O Ba6 11. Re1 b4 {½-½ (51) Guennigmann,M (2165)-Izrailev,A (2330) Germany 2010}) 9. h4 b5 {White has an edge.} 10. Bh3 Nb6 11. Nf4 Bd7 12. O-O a5 13. Be3 b4 14. Nd2 bxc3 15. bxc3 a4 16. Rb1 {Strongly threatening Qh5.} a3 $2 (16... Ne7 $14) 17. Qc2 $2 ({White must play} 17. Qh5 $1 $18 {Hoping for Bxe6.} Ke7 18. Rb5) 17... Be7 18. Nh5 Kf8 19. f4 g6 20. Nf6 Bxf6 21. exf6 Na4 22. Nf3 $1 (22. Rb7 $6 Nb2 $11) 22... Qa5 (22... Nb2 $14) 23. Bd2 $18 Nb2 {[#]} 24. h5 $1 {[%cal Rh5g6][%mdl 512]} Qa4 (24... gxh5 25. f5) 25. Ne1 (25. Qxa4 $18 {and the rest is easy.} Rxa4 26. Nh4 (26. hxg6 fxg6 27. g4 Kf7 $16) 26... gxh5 27. f5) 25... gxh5 26. f5 {aiming for Qc1.} Qxc2 27. Nxc2 Nd3 $2 (27... e5 $16 {keeps fighting.}) 28. Rb7 {[%mdl 1024] White has strong compensation.} Ra7 29. Rfb1 {Black must now prevent Rxa7.} Ke8 {[#]} 30. Rb8+ $1 {[%mdl 512]} Nd8 (30... Nxb8 31. Rxb8+) 31. Kh2 Rg8 $2 {[#]} (31... exf5 {was necessary.} 32. Bg2 Be6) 32. Bxh6 $2 ({Weaker is} 32. fxe6 Bxe6 33. Bxe6 (33. Bxh6 Bxh3 34. Kxh3 Rg6 $16) 33... fxe6 $18) (32. Rxd8+ $1 {[%mdl 512]} Kxd8 33. Rb8+ Kc7 34. Rxg8 exf5 35. Nb4) 32... Rh8 $2 (32... exf5 33. Bg7 f4) 33. Bg5 exf5 {Black hopes to continue with ...Rg8.} 34. Ne3 Be6 35. Bxf5 ({Resist} 35. Nxf5 Nf2 $18) 35... Kd7 36. Bxe6+ (36. R1b5 $18) 36... fxe6 $16 37. R1b6 Rf8 $2 {[#]} (37... Nf2 $16) 38. Ng2 (38. f7 $1 $18 {is the precise move to win.} Nxf7 39. Rxf8 Nxg5 40. Rg8) 38... Rg8 $2 {[%mdl 8192] [#]} (38... Rf7 $16) 39. f7 $1 {[%mdl 512] Accuracy: White = 35%, Black = 22%.} 1-0

[Event "1st Chateau Montaiguillon Rapid 2019"]
[Site "Montagne"]
[Date "2019.09.08"]
[Round "7.2"]
[White "Sochacki, Christophe"]
[Black "Salles, Louis"]
[Result "1-0"]
[WhiteElo "2479"]
[BlackElo "2206"]
[Annotator "ChessBase"]
[PlyCount "77"]
[EventDate "2019.09.08"]
[EventType "swiss"]
[EventCountry "FRA"]
[SourceTitle "playchess.com"]
[Source "ChessBase"]
[SourceQuality "1"]
[TimeControl "720+3"]

1. e4 {[%emt 0:00:00]} c5 {[%emt 0:00:00]} 2. Nf3 {[%emt 0:00:00]} d6 {[%emt 0:00:00]} 3. d4 {[%emt 0:00:00]} cxd4 {[%emt 0:00:01]} 4. Qxd4 {[%emt 0:00:01]} Nc6 {[%emt 0:00:06]} 5. Bb5 {[%emt 0:00:01]} Bd7 {[%emt 0:00:01]} 6. Bxc6 Bxc6 {[%emt 0:00:01]} 7. Nc3 {[%emt 0:00:05]} e5 {[%emt 0:00:02]} 8. Qd3 {[%emt 0:00:07]} h6 {[%emt 0:00:02]} 9. O-O {[%emt 0:01:20]} Nf6 {[%emt 0:00:01]} 10. Rd1 {[%emt 0:00:11]} Be7 {[%emt 0:00:10]} 11. a4 {[%emt 0:00:02]} O-O {[%emt 0:00:16]} 12. h3 {[%emt 0:00:37]} Rc8 {[%emt 0:02:09]} 13. Be3 {[%emt 0:00:43]} Qc7 {[%emt 0:00:01]} 14. a5 {[%emt 0:01:06]} Qb8 {[%emt 0:00:27]} 15. Nd2 {[%emt 0:00:26]} Rfd8 {[%emt 0:00:50]} 16. Nd5 {[%emt 0:00:02]} Nxd5 {[%emt 0:00:44]} 17. exd5 {[%emt 0:00:02]} Bd7 {[%emt 0:00:01]} 18. f4 {[%emt 0:00:14]} exf4 {[%emt 0:01:23]} 19. Bxf4 {[%emt 0:00:02]} Qc7 {[%emt 0:00:25]} 20. c3 {[%emt 0:00:03]} Re8 {[%emt 0:00:11]} 21. Kh1 {[%emt 0:00:20]} Bf8 {[%emt 0:00:29]} 22. Bg3 {[%emt 0:01:47]} Qd8 {[%emt 0:00:32]} 23. Rf1 {[%emt 0:00:24]} Qg5 {[%emt 0:00:51]} 24. Rf3 {[%emt 0:00:17]} Qh5 {[%emt 0:01:01]} 25. Kg1 {[%emt 0:00:39]} f5 {[%emt 0:00:21]} 26. Bf2 {[%emt 0:00:17]} a6 {[%emt 0:00:10]} 27. Bd4 {[%emt 0:00:14]} Re7 {[%emt 0:01:36]} 28. Nf1 {[%emt 0:00:16]} Qf7 {[%emt 0:00:32]} 29. Ne3 {[%emt 0:00:16]} g6 {[%emt 0:00:19]} 30. Raf1 {[%emt 0:00:06]} Rce8 {[%emt 0:00:21]} 31. g4 {[%emt 0:00:37]} Bg7 {[%emt 0:00:07]} 32. gxf5 {[%emt 0:00:10]} Bxd4 {[%emt 0:00:11]} 33. Qxd4 {[%emt 0:00:38]} Re4 {[%emt 0:00:06]} 34. Qd2 {[%emt 0:00:39]} Qf6 {[%emt 0:00:08]} 35. Ng4 {[%emt 0:00:03]} Rxg4+ {[%emt 0:00:02]} 36. hxg4 {[%emt 0:00:01]} gxf5 {[%emt 0:00:02]} 37. gxf5 {[%emt 0:00:08]} Kh7 {[%emt 0:00:01]} 38. Rg3 {[%emt 0:00:10]} Qh4 {[%emt 0:00:02]} 39. Qg2 {[%emt 0:00:08]} 1-0

[Event "1st Chateau Montaiguillon Rapid 2019"]
[Site "Montagne"]
[Date "2019.09.08"]
[Round "7.3"]
[White "Saada, Julien"]
[Black "Fressinet, Laurent"]
[Result "0-1"]
[WhiteElo "2258"]
[BlackElo "2633"]
[Annotator "TA"]
[PlyCount "72"]
[EventDate "2019.09.08"]
[EventType "swiss"]
[EventCountry "FRA"]
[SourceTitle "playchess.com"]
[Source "ChessBase"]
[SourceQuality "1"]

{[%evp 9,72,-18,0,-17,-3,-10,-11,-13,-20,-27,-27,-45,-37,-74,-7,-16,42,-110,-55,-56,-49,-50,-47,-51,-36,-81,-69,-75,-76,-72,-64,-98,-102,-103,-84,-84,-71,-90,-96,-101,-88,-93,-98,-98,-77,-96,-89,-77,-14,-77,-80,-133,-131,-288,-278,-281,-267,-324,-333,-425,-417,-407,-422,-350,-297]} 1. d4 Nf6 2. Bg5 d5 3. Bxf6 gxf6 4. c4 e5 5. e3 Nc6 (5... exd4 6. exd4 Bb4+ 7. Nc3 O-O 8. Qf3 Re8+ 9. Nge2 dxc4 10. O-O-O Kh8 11. Ng3 Bxc3 12. bxc3 {1-0 (43) Mamedyarov,S (2765)-Giri,A (2779) Paris 2019}) 6. cxd5 {D00: 1 d4 d5: Unusual lines} Qxd5 {[%cal Re5d4]} 7. Nc3 Bb4 {[%cal Re5d4]} 8. a3 {The position is equal.} Bxc3+ $1 9. bxc3 Bf5 $146 ({Predecessor:} 9... Rg8 10. Nf3 Bg4 11. Be2 Qa5 12. Qd3 {1-0 (23) Bouchat,X-Chevry,P (1902) Manage 2008}) 10. Nf3 O-O-O 11. Qa4 {[#]} Be4 (11... exd4 $1 $17 12. cxd4 Rhg8) 12. Bc4 Qd6 (12... Qd7 $11) 13. Bb5 $2 (13. O-O $14 {keeps the upper hand.}) 13... a6 ({Black should try} 13... Rhg8 $17 14. Kf1 f5) 14. dxe5 $15 Qc5 $36 {[%mdl 2112] Double Attack. Black has some pressure.} 15. Qc4 Qxb5 16. Qxe4 fxe5 17. Rb1 Qd3 18. Qxd3 Rxd3 19. Rc1 e4 20. Ke2 Rhd8 21. Nd4 Ne5 22. Rhd1 c5 {aiming for ...Rxd1.} 23. Nf5 Nc4 24. Ng3 Nb2 25. Re1 Rd2+ 26. Kf1 {[#]} f5 $1 {[%mdl 512] ...Nd3 is the strong threat.} 27. Re2 (27. Nxf5 Nd3) 27... Rd1+ 28. Rxd1 Rxd1+ $17 {[%mdl 4096] Endgame KRN-KRN} 29. Re1 Rd5 30. Ke2 (30. Re2 $142 Nc4 31. a4) 30... b5 31. Rb1 $2 {[#]} (31. Ra1 $17) 31... Na4 $1 $19 {[%cal Ra4c3]} 32. Rc1 Rd3 33. Nxf5 Nxc3+ 34. Ke1 Kd7 35. Ng3 b4 36. axb4 cxb4 {Accuracy: White = 43%, Black = 73%.} 0-1

[Event "1st Chateau Montaiguillon Rapid 2019"]
[Site "Montagne"]
[Date "2019.09.08"]
[Round "7.4"]
[White "Lagarde, Maxime"]
[Black "Guichard, Pauline"]
[Result "1-0"]
[WhiteElo "2657"]
[BlackElo "2407"]
[Annotator "TA"]
[PlyCount "73"]
[EventDate "2019.09.08"]
[EventType "swiss"]
[EventCountry "FRA"]
[SourceTitle "playchess.com"]
[Source "ChessBase"]
[SourceQuality "1"]

{[%evp 9,73,-12,10,10,10,9,16,6,17,6,18,20,64,19,34,11,13,0,16,22,19,21,20,0,0,0,0,-5,57,53,82,53,131,128,154,110,97,102,109,60,105,100,90,83,96,99,99,87,95,66,91,100,107,107,110,85,91,100,114,87,100,87,137,126,212,94]} 1. b3 e5 2. Bb2 Nc6 3. e3 Nf6 4. Bb5 Bd6 5. Na3 a6 {[#] Strongly threatening ...Bxa3.} 6. Bxc6 {A01: Nimzowitsch-Larsen Opening} dxc6 7. Nc4 Qe7 8. Ne2 {The position is equal.} O-O 9. O-O Bg4 10. f3 Bh5 11. Qe1 $146 ({Predecessor:} 11. Ng3 Bg6 12. f4 exf4 13. exf4 {1-0 (35) Bacrot,E (2720)-Lu,S (2546) Dubai 2014}) 11... Bg6 12. f4 (12. e4 {with more complications.} Rfe8 13. d3 Nd7 14. f4 f6 15. a4) 12... exf4 13. Nxf4 Nd5 14. Nxg6 fxg6 15. Nxd6 cxd6 16. Qe2 Qe4 17. Qc4 $36 {[%mdl 2048] White fights for an advantage.} Qxc4 18. bxc4 Nf6 (18... Nb6 $11) 19. a4 $14 a5 20. d3 Kf7 ({Black should play} 20... d5 $14) 21. Rab1 $16 Rab8 22. e4 Ke6 23. Bc3 b6 24. Rf3 g5 25. Rf5 h6 26. Rbf1 Rb7 27. e5 dxe5 28. Rxe5+ Kf7 29. Rb1 Rbb8 30. h3 c5 31. g4 Rfd8 32. Kg2 Rdc8 33. Kf3 Rd8 34. Be1 Nd7 35. Rd5 Rbc8 36. Bg3 Rc6 (36... Rf8 $16 {was necessary.}) 37. Re1 {Accuracy: White = 53%, Black = 37%.} (37. Kg2 $18 {and the rest is easy.}) 1-0

[Event "1st Chateau Montaiguillon Rapid 2019"]
[Site "Montagne"]
[Date "2019.09.08"]
[Round "7.5"]
[White "Mullon, Jean-Baptiste"]
[Black "Rabouan, Christophe"]
[Result "1-0"]
[WhiteElo "2357"]
[BlackElo "1811"]
[Annotator "TA"]
[PlyCount "55"]
[EventDate "2019.09.08"]
[EventType "swiss"]
[EventCountry "FRA"]
[SourceTitle "playchess.com"]
[Source "ChessBase"]
[SourceQuality "1"]

{[%evp 9,56,21,26,27,24,13,0,0,12,10,31,-4,109,100,79,0,0,-45,-58,-72,47,24,27,41,148,137,136,121,136,127,154,117,168,164,349,337,355,95,210,195,262,146,128,0,279,279,1339,-204,760]} 1. e4 c6 2. Nf3 d5 3. Nc3 Bg4 4. h3 Bh5 5. exd5 cxd5 6. d4 {B11: Caro-Kann: Two Knights Variation} e6 7. Bb5+ Nc6 8. g4 {The position is equal.} Bg6 9. Ne5 Qc7 (9... Rc8 10. Qe2 Bb4 11. h4 Nge7 12. h5 Be4 13. f3 O-O 14. Bxc6 Nxc6 15. Nxc6 Rxc6 16. Kf2 Bxc3 17. bxc3 Rxc3 18. fxe4 dxe4 19. Qxe4 f5 20. gxf5 Rxf5+ {1-0 (39) Mamedov,R (2703)-Margvelashvili,G (2530) chess.com INT 2019}) 10. h4 {And now h5 would win.} h6 (10... f6 $1 $11 11. Nxc6 (11. Nxg6 hxg6 12. a3 Bd6 $11) 11... bxc6) 11. Nxg6 fxg6 12. Bd3 $146 (12. Qd3 $16) ({Predecessor:} 12. Qe2 Qd7 13. Bf4 Bb4 14. O-O-O Bxc3 15. bxc3 O-O-O 16. Kd2 {1-0 (75) Seidl,S (1712)-Volcik,L (1759) Sec u Chrudimi 2007}) 12... O-O-O $11 13. Be3 e5 14. Nb5 {[#]} Qa5+ (14... Qf7 $1 $17 {Threatens to win with ...a6.} 15. Be2 a6) 15. Kf1 $14 a6 16. a4 $1 Nge7 (16... e4 $14 17. Be2 Qb6) 17. c3 $36 {[%mdl 2048] Hoping for b4. White is really pushing.} Rd7 18. dxe5 Nxe5 19. Nd4 Qd8 20. b4 Nxd3 (20... Ng8 $16) 21. Qxd3 $18 Rd6 $2 (21... Qc7 22. Kg2 Qc4) 22. b5 a5 23. b6 $2 (23. Bf4 $18 {and White stays clearly on top.}) 23... Nc6 {[#]} (23... Rxb6 $16 {keeps fighting.} 24. Rd1 Qd7) 24. Nb5 $1 Re6 (24... Rd7 {was necessary.} 25. Qxg6 Qf6 26. Qxf6 gxf6) 25. Na7+ ({Better is} 25. Rd1 $18) 25... Kb8 $16 26. Bf4+ ({White should try} 26. Nxc6+ $16 Rxc6 27. Qb5) 26... Ka8 $2 {[%mdl 8192]} (26... Bd6 $1 $11 {and Black stays safe.} 27. Qxd5 {[%mdl 64] Double Attack} Qe7 28. Nxc6+ bxc6 29. Bxd6+ Qxd6 30. Qxa5 Re7) 27. Nb5 $18 {aiming for Nc7+.} Na7 $2 (27... Bd6) 28. Nc7+ {Played: Bf4-d6} 1-0

[Event "1st Chateau Montaiguillon Rapid 2019"]
[Site "Montagne"]
[Date "2019.09.08"]
[Round "8.1"]
[White "Sochacki, Christophe"]
[Black "Moussard, Jules"]
[Result "0-1"]
[WhiteElo "2479"]
[BlackElo "2608"]
[Annotator "TA"]
[PlyCount "76"]
[EventDate "2019.09.08"]
[EventType "swiss"]
[EventCountry "FRA"]
[SourceTitle "playchess.com"]
[Source "ChessBase"]
[SourceQuality "1"]

{[%evp 10,76,30,35,65,61,74,70,69,72,85,11,32,31,14,0,0,-60,-57,-75,-30,-18,12,0,0,0,0,0,0,0,0,-48,-46,-66,-57,-73,-72,-120,-108,-131,-133,-113,-85,-566,-545,-571,-536,-737,-660,-812,-812,-804,-791,-1187,-1148,-29979,-29980,-29984,-29985,-29985,-29986,-29986,-29987,-29993,-29994,-29994,-29995,-29995,-29996]} 1. d4 f5 2. c4 Nf6 3. Nc3 d6 4. g3 g6 5. Bg2 Bg7 6. Nh3 e5 {A86: Dutch Defence: Leningrad System: Unusual lines and 5 Nh3} (6... c6 7. d5 e5 8. dxe6 Bxe6 9. b3 O-O 10. Rb1 Na6 11. O-O Qe7 12. Ng5 Bc8 13. Bb2 h6 14. Nf3 {0-1 (41) Vishnu,P (2510)-Sethuraman,S (2631) Dubai 2018}) 7. dxe5 dxe5 8. Qxd8+ Kxd8 {White is slightly better.} 9. Ng5 Ke7 10. Be3 $146 (10. b3 $16) ({Predecessor:} 10. O-O h6 11. Nf3 e4 12. Ne5 Rd8 13. Nxg6+ Kf7 14. Nf4 {1-0 (24) Witwicki,P (1951)-Kowalik,P (1730) Polanica Zdroj 2011}) 10... Na6 $11 11. b4 {aiming for b5.} h6 12. Nf3 Ng4 {And now ...e4 would win.} 13. Nd5+ ({White should play} 13. Nh4 $11 Kf7 14. Bd5+ Kf6 15. O-O) 13... Kf7 $15 14. b5 Nxe3 15. fxe3 Nc5 (15... e4 $5 16. Nd4 $8 c6 $11) 16. Nxc7 Rb8 17. Rd1 e4 $36 {[%mdl 2048] Black fights for an advantage.} 18. Nd4 Be5 19. Nd5 h5 20. Kf2 Be6 21. Nxe6 Nxe6 22. Nf4 Rhd8 23. Rd5 Rxd5 24. Nxd5 Rc8 25. Rc1 Nc7 26. b6 $2 {[%mdl 8192]} (26. Nxc7 $17 {is a better chance.} Rxc7 27. Rd1) 26... Nxd5 $19 {[%mdl 64] [#] Pin} 27. bxa7 Nc3 28. h3 Ra8 29. g4 h4 30. gxf5 gxf5 31. Rc2 Rxa7 32. Rd2 Rxa2 {Black mates.} 33. Rd7+ Ke6 34. Rxb7 Ra1 {[%csl Gh4][%cal Re5g3]} 35. Rb6+ Kd7 {[%csl Gh4][%cal Re5g3]} 36. Bf1 Nd1+ 37. Kg1 Nxe3 {[%csl Ge3][%cal Ra1f1][%mdl 64] [#] Double Attack, Discovered Attack} 38. Kf2 Bd4 {Accuracy: White = 36%, Black = 87%.} 0-1

[Event "1st Chateau Montaiguillon Rapid 2019"]
[Site "Montagne"]
[Date "2019.09.08"]
[Round "8.2"]
[White "Fressinet, Laurent"]
[Black "Roselle, Tristan"]
[Result "1-0"]
[WhiteElo "2633"]
[BlackElo "2161"]
[Annotator "TA"]
[PlyCount "115"]
[EventDate "2019.09.08"]
[EventType "swiss"]
[EventCountry "FRA"]
[SourceTitle "playchess.com"]
[Source "ChessBase"]
[SourceQuality "1"]

{[%evp 19,115,28,26,26,36,18,31,3,42,50,35,35,43,28,35,18,56,37,53,55,54,53,60,52,64,58,56,60,61,49,66,68,73,68,66,60,95,93,90,91,129,120,134,127,127,131,126,138,126,99,117,124,100,114,123,116,117,83,74,37,67,74,93,87,77,82,75,72,63,46,85,91,135,98,152,152,152,138,177,172,297,118,112,8,8,8,22,0,0,0,0,0,8,0,8,8,29979,29979]} 1. d4 d5 2. Nf3 Nf6 3. c4 e6 4. Nc3 c5 5. e3 Nc6 6. a3 dxc4 7. Bxc4 Be7 8. O-O O-O 9. dxc5 Qxd1 10. Rxd1 Bxc5 11. b4 {D40: Queen's Gambit Declined: Semi-Tarrasch with 5 e3} Be7 12. Bb2 b6 13. Nb5 {White is slightly better.} (13. e4 Bb7 14. e5 Ng4 15. Nb5 Rad8 16. h3 Nh6 17. Nbd4 g6 18. Nxc6 Bxc6 {1-0 (47) Potkin,V (2597)-Alekseev,E (2632) Tallinn 2016}) 13... Bb7 $146 ({Predecessor:} 13... a5 14. Nbd4 Bb7 15. Nxc6 Bxc6 16. bxa5 bxa5 17. Nd4 Ba4 18. Rdb1 Ne4 {0-1 (82) Formento,P (2246)-Legky,N (2420) Paris 2015}) 14. Nd6 Bxd6 15. Rxd6 Rfd8 16. Rxd8+ Rxd8 17. Rc1 Kf8 18. Be2 Rc8 19. Nd2 Ne7 20. Rxc8+ Nxc8 21. f3 Ke7 22. e4 Ne8 23. Kf2 f6 24. e5 Nc7 25. exf6+ gxf6 26. Bd3 h6 27. Bc1 Kf7 28. Nf1 h5 29. Kg3 Ne7 30. Kh4 Ng6+ 31. Kxh5 Ne5 32. Be2 Ba6 33. Bxa6 Nxa6 $16 {[%mdl 4096] Endgame KBN-KNN} 34. Kh4 Nd3 {[#]} 35. Bd2 $1 Nc7 36. Ne3 Nb5 37. Nc2 Nd6 38. g4 Nc4 39. Bc3 (39. Be3 $5) 39... Kg6 40. Kg3 Nc1 41. Kf2 Nd3+ 42. Ke2 Nf4+ 43. Kf1 e5 44. h4 Nd5 45. Be1 b5 46. Bg3 Nce3+ (46... a6 $142) 47. Nxe3 Nxe3+ {KB-KN} 48. Ke2 Nc2 49. h5+ Kg7 (49... Kf7 {is a better defense.} 50. Kd2 Nxa3) 50. Bh4 $2 (50. Bf2 $18) 50... Nxa3 51. h6+ (51. Bf2 $16) 51... Kxh6 $11 52. Bxf6 Nc2 53. Bxe5 {Strongly threatening Bd6.} Nxb4 54. f4 Nd5 55. Kd3 {aiming for Ke4.} b4 56. Kd4 Nc3 57. Kc4 a5 $2 {[%mdl 8192] [#]} (57... Ne4 $11) 58. Bxc3 {Accuracy: White = 54%, Black = 42%.} 1-0

[Event "1st Chateau Montaiguillon Rapid 2019"]
[Site "Montagne"]
[Date "2019.09.08"]
[Round "8.3"]
[White "Estadieu, Romeo"]
[Black "Mullon, Jean-Baptiste"]
[Result "0-1"]
[WhiteElo "2099"]
[BlackElo "2357"]
[Annotator "NA"]
[PlyCount "38"]
[EventDate "2019.09.08"]
[EventType "swiss"]
[EventCountry "FRA"]
[SourceTitle "playchess.com"]
[Source "ChessBase"]
[SourceQuality "1"]
[TimeControl "720+3"]

1. d4 {[%emt 0:00:00]} d5 {[%emt 0:00:02]} 2. c4 {[%emt 0:00:00]} c6 {[%emt 0:00:01]} 3. Nf3 {[%emt 0:00:02]} Nf6 {[%emt 0:00:02]} 4. Nc3 {[%emt 0:00:01]} e6 {[%emt 0:00:09]} 5. e3 {[%emt 0:00:02]} Nbd7 {[%emt 0:00:04]} 6. Qc2 {[%emt 0:00:03]} Bd6 {[%emt 0:00:06]} 7. b3 {[%emt 0:00:06]} O-O {[%emt 0:00:12]} 8. Bb2 {[%emt 0:00:02]} Qe7 {[%emt 0:00:03]} 9. Be2 {[%emt 0:00:09]} a6 {[%emt 0:00:06]} 10. h3 {[%emt 0:01:40]} Re8 {[%emt 0:01:13]} 11. g4 {[%emt 0:01:45]} Bb4 {[%emt 0:02:45]} 12. Nd2 {[%emt 0:03:22]} Nf8 {[%emt 0:00:26]} 13. O-O-O {[%emt 0:00:49]} b6 {[%emt 0:01:36]} 14. e4 {[%emt 0:02:52]} Bb7 {[%emt 0:00:36]} 15. e5 {[%emt 0:00:49]} N6d7 {[%emt 0:00:04]} 16. cxd5 {[%emt 0:00:16]} cxd5 {[%emt 0:00:06]} 17. Kb1 {[%emt 0:00:07]} Rec8 {[%emt 0:05:20]} 18. Rc1 {[%emt 0:00:04]} b5 {[%emt 0:00:07]} 19. f4 {[%emt 0:00:07]} Bxc3 {[%emt 0:00:09]} 0-1

[Event "1st Chateau Montaiguillon Rapid 2019"]
[Site "Montagne"]
[Date "2019.09.08"]
[Round "8.4"]
[White "Fantinel, Thibault"]
[Black "Lagarde, Maxime"]
[Result "0-1"]
[WhiteElo "2384"]
[BlackElo "2657"]
[Annotator "TA"]
[PlyCount "64"]
[EventDate "2019.09.08"]
[EventType "swiss"]
[EventCountry "FRA"]
[SourceTitle "playchess.com"]
[Source "ChessBase"]
[SourceQuality "1"]

{[%evp 13,64,21,59,54,43,34,56,0,6,0,0,-34,-11,-22,-22,-22,-21,-22,-22,-22,-20,-14,-14,-27,0,-56,-59,-59,-43,-73,-57,-81,-28,-30,-12,-54,-28,-50,-41,-30,-28,-94,-87,-92,-75,-108,-94,-97,-86,-174,-155,-507,-510]} 1. e4 c5 2. Nf3 e6 3. d4 cxd4 4. Nxd4 Nf6 5. Nc3 Nc6 6. g3 Qb6 7. Nb3 d6 8. Bg2 {B45: Sicilian Four Knights} a6 9. O-O (9. Be3 {looks sharper.} Qc7 10. f4 b5 11. a3 Be7 12. g4) 9... Be7 10. Ne2 $146 {White is slightly better.} ({Predecessor:} 10. a4 Na5 11. Nd4 Bd7 12. b3 Rc8 13. Nde2 O-O 14. Ba3 Rfd8 15. Qd2 Ne8 16. Rac1 {½-½ (77) Nakamura,H (2648)-Kraai,J (2505) Las Vegas 2007}) 10... O-O 11. Be3 Qc7 12. Nbd4 Bd7 13. c4 Nxd4 14. Qxd4 Ng4 15. Rac1 $1 Rac8 16. b3 Bf6 $36 {[%mdl 2048] Black fights for an advantage.} 17. Qd2 Nxe3 18. Qxe3 Qa5 19. a4 (19. Rfd1 $11) 19... b5 $15 20. axb5 axb5 21. Rfd1 bxc4 $1 22. Rxd6 {[#]} Bb5 (22... cxb3 $1 $17 23. Rxd7 Rxc1+ 24. Qxc1 Qb5) 23. bxc4 $1 $11 Bxc4 24. Rdd1 Bg5 25. f4 Be7 {And now ...Bc5 would win.} 26. Kh1 e5 27. Nc3 (27. Ra1 $11 Qc5 28. Qxc5 Rxc5 29. Bf3) 27... exf4 $17 28. gxf4 Bc5 29. Qf3 Bb3 {Hoping for ...Ba3.} 30. Rd3 Bb4 31. e5 {[#]} (31. h3 $17 {might work better.}) 31... Qa3 $1 $19 {[%cal Ra3c1]} 32. Rb1 $2 (32. Qe3 $17) 32... Bc2 $1 {[%csl LRb1,LRc3,LRd3][%mdl 64] Double Attack. Accuracy: White = 37%, Black = 75%.} 0-1